Código penal de la nación; leyes complementarias /
Guardado en:
| Formato: | Libro |
|---|---|
| Publicado: |
Buenos Aires :
A-z,
1985
|
| Edición: | 9a. ed. |
| Materias: | |
| Etiquetas: |
Agregar Etiqueta
Sin Etiquetas, Sea el primero en etiquetar este registro!
|
| LEADER | 00504nam a22001695a 4500 | ||
|---|---|---|---|
| 001 | CEM.cems000578 | ||
| 005 | 20060210000000.0 | ||
| 008 | 130507s1985##################000#0#####d | ||
| 003 | CEMS | ||
| 082 | 0 | 4 | |a 343 |
| 245 | 0 | 0 | |a Código penal de la nación; leyes complementarias / |
| 250 | |a 9a. ed. | ||
| 260 | |a Buenos Aires : |b A-z, |c 1985 | ||
| 300 | |a 297 p. | ||
| 500 | |a Sancionado por Ley 11179, actualizado conforme a | ||
| 653 | |a Derecho penal | ||
| 859 | |a CEMS |b BIB. CEMS - 11 de abril |h 343 |i Ar37-1a9 |p 14152.86 |t Ej.1 | ||
